Obras completas de Federico Nietzsche : Ecce homo, Arte y artistas, El caso Wagner, Nietzsche contra Wagner /

Friedrich Nietzsche (1844-1900), filósofo alemán. Su pensamiento doctrinal es de corte nihilista y vitalista. Cursó estudios de filología clásica en la Universidad de Bonn y Leipzing. En este lugar tuvo un acercamiento a la filosofía de Arthur Schopenhauer y a la música de Richard Wagner, quienes in...

Descrición completa

Gardado en:
Detalles Bibliográficos
Autor Principal: Nietzsche, Friedrich (autor)
Outros autores: Ovejero y Maury, Eduardo (introducción) (introducción)
Formato: Libro
Idioma:Lingua castelá
Temas:
Etiquetas: Engadir etiqueta
Sen Etiquetas, Sexa o primeiro en etiquetar este rexistro!

MARC

LEADER 00000nam^a2200000^a^4500
001 000259008
005 20250521000000.0
009 20260310110348.774
037 |a Acervo Xavier Clavigero 
041 |a ESP 
082 |a 149. 8  |b NIE COL AGU V. 10 
100 |a Nietzsche, Friedrich  |e (autor) 
240 1 1 |a [Obras completas de Federico Nietzsche] 
240 1 1 |a [Ecce homo] 
245 1 0 |a Obras completas de Federico Nietzsche :  |b Ecce homo, Arte y artistas, El caso Wagner, Nietzsche contra Wagner /  |c F. Nietzsche ; introd. de E. Ovejero y Maury. 
264 |a Madrid, España :  |b Aguilar,  |c 1932 
300 |a XV, 318 p. 
336 |a texto  |b txt  |2 rdacontenido 
337 |a sin mediación  |b n  |2 rdamedio 
338 |a volumen  |b nc  |2 rdasoporte 
520 |a Friedrich Nietzsche (1844-1900), filósofo alemán. Su pensamiento doctrinal es de corte nihilista y vitalista. Cursó estudios de filología clásica en la Universidad de Bonn y Leipzing. En este lugar tuvo un acercamiento a la filosofía de Arthur Schopenhauer y a la música de Richard Wagner, quienes influyeron en su pensamiento. Profesor de filología clásica en la Universidad de Basilea. En 1889 padeció una crisis de locura de la que ya no se recuperó. Sus escritos se dividen en tres períodos: 1. Obras filosóficas: El nacimiento de la tragedia (1872); Consideraciones intempestivas; Humano demasiado humano (1878). 2. Obras de madurez: El viajero y su sombra (1880); Aurora (1881); La gaya ciencia (1882); Así hablaba Zaratustra (1883-1885); Más allá del bien y del mal (1886); El caso Wagner (1888); El ocaso de los ídolos (1888). 3. Obras póstumas: El anticristo; Ecce Homo y Nietzsche contra Wagner. La presente es una autobiografía y su divergencia contra el compositor alemán Richard Wagner. 
649 |a XX 
650 |a Filósofos Alemanes -  |x Memorias 
650 |a Músicos Alemanes 
650 |a Artistas Alemanes 
650 |a Estética 
650 |a Música Romántica -  |z Alemania -  |x Historia y Crítica 
650 |a Música Alemana -  |x Historia y Crítica 
650 |a Nihilismo 
650 |a Vitalismo 
650 |a Irracionalismo 
650 |a Filosofía del Siglo XIX 
650 |a Filosofía Alemana 
650 |a Nietzsche, Friedrich 
650 |a Wagner, Richard 
740 0 |a Ecce homo /  |c F. Nietzsche ; introd. de E. Ovejero y Maury. 
740 0 |a Arte y artistas /  |c F. Nietzsche ; introd. de E. Ovejero y Maury. 
740 3 |a El caso Wagner /  |c F. Nietzsche ; introd. de E. Ovejero y Maury. 
740 0 |b Nietzsche contra Wagner /  |c F. Nietzsche ; introd. de E. Ovejero y Maury. 
700 |a Ovejero y Maury, Eduardo  |e (introducción) 
910 |a Fondo General 
920 |a Impresos - Libros 
930 |a Colección General 
905 |a 101 
901 |a 009162  |b IT1  |c ACC  |u 20250521 
902 |a https://opac.biblio.iteso.mx/vufind/Record/000259008